| 000 | 00746nam a22002057a 4500 | ||
|---|---|---|---|
| 005 | 20240614143951.0 | ||
| 010 | _aENG-140617 | ||
| 020 |
_c880.00 _a9789353068974 |
||
| 035 | _aEN-124149 | ||
| 037 | _bDBAD | ||
| 082 |
_a371.102 _25 |
||
| 100 |
_aOrmrod, Jeanne Ellis _967534 |
||
| 245 |
_aEssential of Educational Psychology: _bBig Ideas to Guide Effective Teaching/ _cBy Jeanne Ellis Ormrod [and] Brett Jones |
||
| 250 | _a5 | ||
| 260 |
_aNoida _bPearson India Education Pvt Ltd _c2024 |
||
| 270 |
_a1st Floor, Berger Tower, Plot No. C-001/2, Sector 16B _bNoida _e201301 _mcompanysecretary.india@pearson.com |
||
| 300 |
_axxiv,vp. _c25cm(pbk) _bIndex |
||
| 700 |
_aJones, Brett _967535 |
||
| 942 |
_2ddc _cEN _h371.102 _mORM _e5 |
||
| 999 |
_c203613 _d203613 |
||